000 00857nam a22002297a 4500
005 20180115111352.0
010 _a1718EN-30 ENG-121711
020 _a9788178244877
_c995.00
035 _aEN-105243
035 _aB-682629-633
037 _bAakar
_adpl
037 _bDBAD/PUB
082 _a823.8
100 _aDalmia, Vasudha
245 _aFiction as history:
_cby Vasudha Dalmia
_bthe novel and the city in modern north India /
260 _aRanikhet
_bPermanent Black
_c2015
270 _aHimalayana, Mall Road, Ranikhet Cantt.
_bRanikhet
_e263645
300 v _axvi,428p.
_c21cm(hb)
500 _aIncludes index
942 _2ddc
_cEN
_mDAL
_h823.8
999 _c145724
_d145724